01201nam a2200301 i 4500001001000000003000900010005001700019007000300036008004100039040003300080041000800113082002300121100004400144245009900188246003800287264009200325300005400417336002700471337003300498338002800531490005100559500007300610500007100683650003300754650003200787700003000819710005000849000013612DO-SdBNP20260513105004.0ta091126s1993 dr 001 0 spa d aDO-SdBNPbspacDO-SdBNPerda aspa 4aRD868.4bL951o2221 aLugo, Américod1870-1952eautor4aut.10aObras escogidas /cAmérico Lugo ; estudio preliminar y notas adicionales de Roberto Cassá.13aObras escogidas de Américo Lugo 1aSanto Domingo, República Dominicana :bEdiciones de la Fundación Corripio, c1993. a3 volumenes :bilustraciones, retratos ;c23 cm. ardacontentbtexto2txt ardamediabsin mediación2n ardacarrierbvolumen2nc0 aBiblioteca de clásicos dominicanosv14,15,16 aIncluye referencias bibliográficas y notas al pie de las páginas aIncluye datos biográficos del autor en la solapa de la cubierta  4aEnsayos dominicanosx 2LEMB 7aLiteratura dominicana2LEMB1 aCassá, Roberto, d1948- aFundación Corripio (República Dominicana)